| 000 | 01161cam a2200361 i 4500 | ||
|---|---|---|---|
| 001 | 018550275 | ||
| 003 | EG-ScBUE | ||
| 005 | 20260226095309.0 | ||
| 008 | 171003t2018 nyua f d 000 1 0neng d | ||
| 020 | _a9781259921919 (pbk.) | ||
| 020 | _a1259921913 (pbk.) | ||
| 040 |
_aStDuBDS _beng _erda _cStDuBDS _dUk _dEG-ScBUE _dEG-ScBUE |
||
| 082 | 0 | 4 |
_a576.5 _bGEN _222 |
| 245 | 1 | 0 |
_aGenetics : _bfrom genes to genomes / _cLeland H. Hartwell [and three others] |
| 250 | _aSixth edition. | ||
| 250 | _aInternational student edition. | ||
| 264 | 1 |
_aNew York : _bMc-Graw Hill Education, _c[2018] |
|
| 264 | 1 | _cc2018 | |
| 300 |
_a1 volume (various pagings) : _bcolor illustrations ; _c28 cm |
||
| 336 |
_2rdacontent _atext _btxt |
||
| 337 |
_aunmediated _2rdamedia _bn |
||
| 338 |
_avolume _bnc _2rdacarrier |
||
| 500 | _aIncludes QR code. | ||
| 500 | _aIncludes index. | ||
| 500 | _aIncludes glossary. | ||
| 650 | 7 |
_aGenetics. _2BUEsh _923979 |
|
| 650 | 7 |
_aGenetics _vProblems, exercises, etc. _2BUEsh |
|
| 651 | _2BUEsh | ||
| 653 |
_bPPhrm _cFebruary2019 _cMarch2019 |
||
| 655 | _vReading book | ||
| 700 | 1 |
_aHartwell, Leland H., _eauthor. |
|
| 942 |
_2ddc _cBB |
||
| 999 |
_c27181 _d27153 |
||